[Event "BLR-ch 71st"]
[Site "Minsk"]
[Date "2005.03.13"]
[Round "10"]
[White "Kupreichik, Viktor D"]
[Black "Lutsko, Igor"]
[Result "1-0"]
[WhiteElo "2437"]
[BlackElo "2527"]
[Annotator "Stohl,I"]
[PlyCount "59"]
[EventDate "2005.03.04"]
[EventType "tourn"]
[EventRounds "13"]
[EventCountry "BLR"]
[EventCategory "9"]
[SourceTitle "CBM 106"]
[Source "ChessBase"]
[SourceDate "2005.06.06"]
[SourceVersion "1"]
[SourceVersionDate "2005.06.06"]
[SourceQuality "1"]

1. c4 g6 2. Nf3 Bg7 3. d4 d6 4. Nc3 Nf6 5. g3 O-O 6. Bg2 Nbd7 7. O-O e5 8. h3
c6 9. Be3 {A very rare sideline, the usual alternative is} (9. e4 {-E69}) 9...
exd4 {White's 9-th move is rather unnatural and it's not suprising Black has
more than one way to achieve a satisfactory poisition.} ({An interesting idea
is} 9... Nh5 $5 10. dxe5 dxe5 11. Qd6 $6 f5 12. Rad1 Qe8 13. Bc1 e4 14. Nd4 Ne5
15. b3 e3 $1 16. Bxe3 Nf7 17. Qc5 Nxg3 $40 18. Rfe1 Nh5 19. Qb4 f4 20. Bc1 Ng5
21. h4 Nh3+ 22. Kf1 Qe5 23. Na4 f3 $1 24. Nxf3 Qg3 25. Be3 Bg4 26. Qd6 Be5 27.
Qd3 Qh2 $1 {0-1,Ciocaltea,V-Radovici/Bucharest/1968/}) ({Releasing the central
tension is not the best, this goes also for} 9... e4 $143 $6 10. Nd2 d5 11.
cxd5 cxd5 12. Qb3 Nb6 13. a4 a5 14. Rfc1 Be6 15. Nb5 Rc8 16. Bf4 Ne8 17. Rxc8
Nxc8 18. Rc1 Qd7 19. Qc3 b6 20. e3 Ned6 21. Bf1 Nxb5 22. Bxb5 Qe7 23. h4 $36 {
[%cal Gc1c8] <->c,Cesal,J-Pachmann,A/CZE-chT 9596/1996/}) (9... Qe7 10. Rc1 Re8
(10... Nh5 11. Qd2 (11. dxe5 dxe5 12. Ne4 Nf4 $1 $36) 11... f5 12. dxe5 Nxe5 $5
(12... dxe5 $11) 13. Bg5 Qc7 14. b3 f4 15. Ne4 Nxf3+ 16. exf3 fxg3 17. fxg3 d5
18. cxd5 Nxg3 19. d6 Qb6+ 20. Kh2 Nxf1+ 21. Bxf1 Qd4 22. Bc4+ Kh8 23. Qxd4 Bxd4
24. Rd1 c5 {Ek,H-Portisch,F/Wijk aan Zee/1975/} 25. b4 $44) (10... Ne8 11. Qd2
e4 12. Ng5 f5 13. h4 Ndf6 14. b4 Nh5 15. Nh3 Nef6 16. Bg5 {Gutierrez,A-Vilches
del Castillo,A/Seville/1992/} Be6 $15) 11. Qd2 exd4 12. Nxd4 Nb6 13. b3 d5 14.
cxd5 Nbxd5 15. Nxd5 Nxd5 16. Bh6 Bh8 17. Kh2 Nc7 18. Rfd1 Qf6 19. Qf4 Ne6 $11
20. Qxf6 Bxf6 21. Nxc6 $6 bxc6 22. Bxc6 Ba6 23. Bxa8 Rxa8 $15 {Dias,
P-Oratovsky,M/Lisbon op/2001/}) ({The most popular reaction is} 9... Re8 {
, but perhaps it's not ideal - the above examples show how Black gets <=> by
advancing his Pf7 and here the R is best placed on f8. Now White's best chance
to fight for at least a slight opening edge is} 10. Qb3 $5) 10. Nxd4 $6 ({
The B on e3 is misplaced, therefore more logical is} 10. Bxd4 $142 Nb6 (10...
Nc5 11. Rc1 Bf5 12. Nh4 Be6 13. b3 Qc7 14. Kh2 a5 15. e4 Ne8 16. f4 f5 17. exf5
gxf5 18. Re1 Qf7 19. Nf3 h6 20. Bxc5 dxc5 21. Na4 $16 {Palos,O-Brandstaetter,F/
Graz op/1996/}) 11. b3 d5 12. cxd5 Nbxd5 13. Nxd5 Nxd5 14. Bxg7 Kxg7 15. Rc1
Re8 16. Qd2 Qe7 17. Rfe1 Be6 18. Ng5 Red8 19. Ne4 f6 {Mertens,K-Barthel,A/
Wiesbaden op/1990/} 20. Nc5 $14) 10... Re8 $1 (10... Qe7 $6 11. Qd2 Nc5 12.
Rad1 (12. Bh6 $5 $14) 12... Ne6 (12... Nfe4 $142 $1) 13. Nxe6 Bxe6 14. Bf4 Ne8
15. b3 Rd8 16. e4 Rd7 17. Qe3 a6 18. Rd3 Be5 19. Bh6 Bg7 20. Bg5 Bf6 21. h4 $14
{[%csl Gc4,Ge4] (),[+],Tkachenko,E-Pushkarev,L/Tula/2002/}) 11. Bf4 $146 {
White loses a lot of time with his dark-squared B and this allows Black to
build up a promising position. However, not much better is} (11. Qd2 Nb6 $1 12.
b3 d5 13. cxd5 Nbxd5 14. Nxd5 Nxd5 15. Bg5 Qb6 16. Rad1 Bxd4 17. Qxd4 Qxd4 18.
Rxd4 Rxe2 19. Bd2 Re8 20. Bxd5 cxd5 21. Kg2 Be6 22. Be3 Rec8 $11 {/=/+,
Shvedchikov,A-Varavin,V/Moscow/1992/}) ({Otherwise, White must reckon with the
exchange sacrifice, e.g.} 11. Qb3 Rxe3 $5 12. fxe3 Nh5 13. Ne4 $2 (13. g4 Ng3
14. Rf3 Qh4 $44) 13... Nc5 14. Nxc5 dxc5 15. Nf3 Nxg3 16. Rfd1 Qe7 17. a4 Nf5
18. Rd3 h5 19. Rad1 Be6 20. Kf2 Re8 21. e4 Nd4 $17 {Szekely,C-Manojlovic,S/
Pecs/1997/}) 11... Ne5 12. b3 Nh5 13. Be3 Qe7 14. Rc1 f5 15. Re1 Nf7 {[%cal
Rh5g3][%mdl 64] Now the threat Ng3 practically forces White to start the
following tactical operation. However, Black had other and possibly better
alternatives:} ({A good and patient reaction is} 15... Bd7 16. Qd2 Nf7 $1 $36 {
/\} 17. Kh2 $2 Nxg3 $1 18. Kxg3 Qe5+ $17) ({Sharper and also interesting is} 
15... g5 $5 $36 {[%csl Gf5,Gg5] >>}) 16. Nxc6 $5 {[]} bxc6 17. Bxc6 Bxc3 (17...
Bb7 $6 18. Nd5 Qxe3 19. Nxe3 Bxc6 20. Nd5 $16) (17... Be6 18. Bxa8 Rxa8 19. Nd5
$36) (17... f4 $6 18. Nd5 Qd8 19. Bxf4 Bxh3 (19... Nxf4 20. Nxf4 $16) 20. Bxe8
Qxe8 21. Nc7 Qc6 22. Qd5 Qxd5 23. cxd5 Rb8 24. Be3 $36) 18. Rxc3 $8 Bb7 (18...
Be6 19. Qd4 $16) 19. Bxe8 Qxe8 20. Qd4 $132 (20. Kh2 $2 Qe4 21. Rg1 (21. f3 $2
Qe5 $19) 21... f4 $40) 20... Qc6 21. Qd5 $8 Qc8 $5 (21... Qxd5 22. cxd5 Bxd5
23. g4 $5 $14 (23. Rd1 Nf6 24. f3 a5 $11) (23. Rc7 a5 $132)) 22. Qd2 f4 $1 {
Black has higher ambitions, than repetition. The following moves are forced.} (
22... Qc6 23. Qd5 $11) 23. Bxf4 Qxh3 24. e4 Nf6 $5 (24... Re8 25. f3 (25. Rce3
Nxf4 26. gxf4 Qg4+ 27. Rg3 Qh4 $40) 25... g5 (25... Nxg3 $6 26. Qg2 Qxg2+ 27.
Kxg2 Nh5 28. Be3 $13 {/+/=}) 26. Re2 $5 (26. Bxd6 $2 Nxd6 27. Qxd6 Nxg3 $19 {->
}) 26... gxf4 (26... Nxg3 27. Rg2 Qh1+ 28. Kf2 gxf4 29. Qxf4 $14) 27. Rh2 Qe6
28. Rxh5 fxg3 29. Kg2 $13) 25. f3 (25. Qd4 $143 $6 Ng4 $40) 25... g5 (25... Nh5
26. Qh2 Nxf4 27. gxf4 $14) 26. Bxd6 $8 Rd8 $6 (26... Ne8 $142 $1 27. Bc5 Qxg3+
28. Kh1 Rd8 29. Qf2 Qe5 $13 {/=/+ White's K remains slightly more vulnerable,
than Black's. All his pieces cooperate well and he can claim some advantage.})
27. c5 Nxd6 $2 {[%mdl 8192] This loses on the spot.} (27... Rxd6 $142 28. cxd6
Qxg3+ 29. Kh1 $8 Qh4+ 30. Kg2 Nh5 $5 $44 (30... g4 31. Qf2 $14)) (27... Qxg3+
$6 28. Bxg3 Rxd2 29. c6 $16) (27... Ne8 28. Qh2 Qe6 $1 $14) (27... g4 $6 28.
Qf4 $1 $16) 28. Qxg5+ Kf7 29. cxd6 $18 Rg8 (29... Rxd6 30. e5 Qe6 31. Rc7+ $18)
30. Rc7+ (30. Rc7+ Nd7 {and now the simplest is} (30... Ke6 31. Re7+ $18) (
30... Ke8 31. Qe5+ $18) 31. Qf5+ Qxf5 32. exf5 Bc8 33. Rec1 $18) 1-0

[Event "Kharkov Rector Cup 7th"]
[Site "Kharkov"]
[Date "2005.04.26"]
[Round "7"]
[White "Shalimov, Valery"]
[Black "Kupreichik, Viktor D"]
[Result "0-1"]
[WhiteElo "2457"]
[BlackElo "2447"]
[PlyCount "72"]
[EventDate "2005.04.20"]
[EventType "tourn"]
[EventRounds "11"]
[EventCountry "UKR"]
[EventCategory "9"]
[SourceTitle "CBM 105 Extra"]
[Source "ChessBase"]
[SourceDate "2005.05.01"]
[SourceVersion "1"]
[SourceVersionDate "2005.05.01"]
[SourceQuality "1"]

1. d4 d5 2. Nf3 Nf6 3. c4 dxc4 4. e3 e6 5. Bxc4 a6 6. O-O c5 7. dxc5 Bxc5 8.
Qxd8+ Kxd8 9. Nbd2 Nc6 10. Be2 Bd7 11. b3 Ke7 12. Bb2 Rhc8 13. Rfc1 b6 14. a3
Bd6 15. Nc4 Bc7 16. a4 b5 17. Ba3+ Ke8 18. axb5 axb5 19. Ncd2 Rcb8 20. Bb2 Rxa1
21. Rxa1 Ke7 22. Kf1 Bd6 23. Bd3 h6 24. Ke2 Nb4 25. Ne5 Nxd3 26. Kxd3 Be8 27.
Ra7+ Kf8 28. e4 Bc5 29. Rc7 Bxf2 30. Bd4 Rd8 31. Ndf3 b4 32. Rb7 Nh5 33. Kc4
Rc8+ 34. Kxb4 Bxd4 35. Nxd4 Nf6 36. Ka5 Rc5+ 0-1

[Event "Minsk Inautomarket op"]
[Site "Minsk"]
[Date "2005.07.13"]
[Round "4"]
[White "Kupreichik, Viktor D"]
[Black "Doukhine, Iokhan"]
[Result "1-0"]
[WhiteElo "2468"]
[BlackElo "2381"]
[PlyCount "93"]
[EventDate "2005.07.06"]
[EventType "swiss"]
[EventRounds "9"]
[EventCountry "BLR"]
[SourceTitle "CBM 107 Extra"]
[Source "ChessBase"]
[SourceDate "2005.09.01"]
[SourceVersion "1"]
[SourceVersionDate "2005.09.01"]
[SourceQuality "1"]

1. e4 c5 2. Nf3 d6 3. d4 cxd4 4. Nxd4 Nf6 5. Nc3 Nc6 6. Bc4 Qb6 7. Nb3 e6 8.
Bf4 Ne5 9. Be2 Bd7 10. Be3 Qc7 11. Qd4 a6 12. f4 Ng6 13. Qd2 b5 14. Bf3 Rc8 15.
a3 Be7 16. h4 h5 17. g3 Bc6 18. Nd4 Bb7 19. O-O Nf8 20. Rae1 N8d7 21. Qf2 g6
22. f5 e5 23. Nb3 gxf5 24. Bg5 Qb6 25. Be3 Qd8 26. exf5 Ng4 27. Bxg4 hxg4 28.
f6 Bxf6 29. Nd2 Rxc3 30. bxc3 Qe7 31. Qf5 Qe6 32. Ne4 Bxe4 33. Qxe4 d5 34. Qg2
Ke7 35. Rd1 e4 36. Qd2 Rh5 37. Kg2 Qc6 38. Bd4 Ne5 39. Qf4 Nf3 40. Qxg4 Bxd4
41. Qxh5 Qxc3 42. Rxf3 Qxc2+ 43. Kh3 exf3 44. Rxd4 Qg2+ 45. Kg4 f2 46. Rf4 f6
47. Qf5 1-0

[Event "Oberliga NRW 0506"]
[Site "Germany"]
[Date "2005.09.25"]
[Round "1.1"]
[White "Kupreichik, Viktor D"]
[Black "Antoniewski, Rafal"]
[Result "1-0"]
[WhiteElo "2468"]
[BlackElo "2523"]
[PlyCount "93"]
[EventDate "2005.09.25"]
[EventType "team-tourn"]
[EventRounds "9"]
[EventCountry "GER"]
[SourceTitle "EXT 2007"]
[Source "ChessBase"]
[SourceDate "2006.11.23"]
[SourceVersion "1"]
[SourceVersionDate "2006.11.23"]
[SourceQuality "1"]
[WhiteTeam "Plettenberg"]
[BlackTeam "Werther"]
[WhiteTeamCountry "GER"]
[BlackTeamCountry "GER"]

1. e4 d5 2. exd5 Qxd5 3. Nc3 Qd6 4. d4 Nf6 5. Nb5 Qd8 6. c4 c6 7. Nc3 Bf5 8.
Nf3 e6 9. Be2 h6 10. Qb3 b6 11. O-O Bd6 12. Ne5 Qc7 13. f4 a6 14. Bf3 O-O 15.
Be3 Ra7 16. Rae1 Nfd7 17. Ne4 Bxe4 18. Bxe4 c5 19. Kh1 Rc8 20. Bb1 cxd4 21.
Bxd4 Bxe5 22. fxe5 Qxc4 23. Qe3 Rac7 24. Qe4 Nf8 25. Bxb6 Qxe4 26. Bxe4 Rc4 27.
Bb7 Re8 28. Ba5 Nfd7 29. Bc3 Nc5 30. Bf3 Na4 31. Bh5 g6 32. Be2 Rc5 33. Bd2
Nxb2 34. Bxh6 Rxe5 35. Bf4 Re4 36. Bg5 Na4 37. Bf3 Rc4 38. Rc1 Nc3 39. Rc2 e5
40. Bd5 Rf4 41. Bxf4 Nxd5 42. Bg5 Nd7 43. Rc6 N7b6 44. Rd6 e4 45. Bd8 Ne3 46.
Bxb6 Nxf1 47. Kg1 1-0

[Event "Oberliga NRW 0506"]
[Site "Germany"]
[Date "2006.04.02"]
[Round "8.1"]
[White "Kupreichik, Viktor D"]
[Black "Schmitz, Joachim"]
[Result "1-0"]
[WhiteElo "2468"]
[BlackElo "2326"]
[PlyCount "89"]
[EventDate "2005.09.25"]
[EventType "team-tourn"]
[EventRounds "9"]
[EventCountry "GER"]
[SourceTitle "EXT 2007"]
[Source "ChessBase"]
[SourceDate "2006.11.23"]
[SourceVersion "1"]
[SourceVersionDate "2006.11.23"]
[SourceQuality "1"]
[WhiteTeam "Plettenberg"]
[BlackTeam "Duisburg Turm"]
[WhiteTeamCountry "GER"]
[BlackTeamCountry "GER"]

1. e4 c5 2. Nf3 Nc6 3. Nc3 g6 4. d4 cxd4 5. Nxd4 Bg7 6. Nb3 Nf6 7. Bg5 d6 8.
Be2 O-O 9. O-O a6 10. f4 b5 11. Bf3 b4 12. Nd5 Nxd5 13. exd5 Na5 14. Rb1 Nxb3
15. axb3 Bf5 16. Re1 Re8 17. Be4 Bd7 18. Kh1 Qb6 19. Bd3 e5 20. dxe6 Bxe6 21.
Be4 Rac8 22. Qd3 d5 23. Bxd5 Bxd5 24. Qxd5 Rxe1+ 25. Rxe1 Qf2 26. Qd1 Bxb2 27.
Re2 Qc5 28. Qd7 h5 29. Be7 Qc6 30. Qxc6 Rxc6 31. Bxb4 Bc3 32. Bxc3 Rxc3 33. Kg1
Kg7 34. Kf2 Kf6 35. Ke1 Kf5 36. Kd2 Rc6 37. c4 f6 38. g3 h4 39. Kc3 Kg4 40. Re3
h3 41. b4 g5 42. fxg5 fxg5 43. c5 Rf6 44. Kc4 Rf2 45. c6 1-0

[Event "Nezhmetdinov Memorial 28th"]
[Site "Kazan"]
[Date "2006.06.02"]
[Round "2"]
[White "Kupreichik, Viktor D"]
[Black "Zemtsov, Igor"]
[Result "1-0"]
[WhiteElo "2455"]
[BlackElo "2361"]
[PlyCount "99"]
[EventDate "2006.06.01"]
[EventType "swiss"]
[EventRounds "9"]
[EventCountry "RUS"]
[SourceTitle "CBM 112 Extra"]
[Source "ChessBase"]
[SourceDate "2006.07.14"]
[SourceVersion "1"]
[SourceVersionDate "2006.07.14"]
[SourceQuality "1"]

1. e4 g6 2. d4 Bg7 3. Be3 d6 4. Qd2 Nc6 5. Nf3 Bg4 6. Nc3 Bxf3 7. gxf3 e6 8.
O-O-O d5 9. h4 Nf6 10. Be2 Qd7 11. Na4 b6 12. Nc3 a6 13. Bh6 Bf8 14. Bxf8 Rxf8
15. Qg5 Qd8 16. Rhe1 dxe4 17. fxe4 Nxd4 18. e5 Nxe2+ 19. Rxe2 Nd5 20. Qg4 Qd7
21. Qc4 O-O-O 22. Qxa6+ Kb8 23. Nb5 Qc6 24. Red2 Rde8 25. c4 Nb4 26. Qa7+ Kc8
27. b3 Qb7 28. Qxb7+ Kxb7 29. Rd7 Kb8 30. Rxc7 Rc8 31. Rxc8+ Kxc8 32. Rd6 Nxa2+
33. Kb2 Nb4 34. Ka3 Nc2+ 35. Ka4 f6 36. Rxb6 fxe5 37. Rxe6 Kd7 38. Ra6 Rxf2 39.
c5 Nd4 40. Rd6+ Ke7 41. Nxd4 Rf4 42. Re6+ Kd7 43. c6+ Kd8 44. Rxe5 Rxd4+ 45.
Kb5 Rxh4 46. b4 Rh5 47. Rxh5 gxh5 48. Kb6 Kc8 49. b5 h4 50. Ka7 1-0

[Event "Muhamedzjanov Memorial 3rd"]
[Site "Nabereznye Chelny"]
[Date "2006.06.14"]
[Round "6"]
[White "Kupreichik, Viktor D"]
[Black "Kichubaev, Kamil Rashidovich"]
[Result "1-0"]
[WhiteElo "2455"]
[BlackElo "2390"]
[PlyCount "51"]
[EventDate "2006.06.11"]
[EventType "tourn"]
[EventRounds "11"]
[EventCountry "RUS"]
[EventCategory "8"]
[SourceTitle "CBM 112 Extra"]
[Source "ChessBase"]
[SourceDate "2006.07.14"]
[SourceVersion "1"]
[SourceVersionDate "2006.07.14"]
[SourceQuality "1"]

1. e4 c6 2. Nc3 d5 3. d4 g6 4. Bf4 Bg7 5. e5 h5 6. Qd2 Nh6 7. h3 b5 8. Nf3 Nf5
9. Bd3 Qb6 10. O-O-O e6 11. Ne2 Nd7 12. g4 Ne7 13. gxh5 Rxh5 14. Ng3 Rh8 15. h4
Nf5 16. h5 Nxg3 17. fxg3 gxh5 18. g4 h4 19. g5 Nf8 20. g6 fxg6 21. Nxh4 Bb7 22.
Bg5 c5 23. Nxg6 Rxh1 24. Rxh1 c4 25. Nxf8 cxd3 26. Qxd3 1-0

[Event "Tula Suetin Memorial"]
[Site "Tula"]
[Date "2006.11.23"]
[Round "4"]
[White "Kupreichik, Viktor D"]
[Black "Kosov, Ivan"]
[Result "1-0"]
[WhiteElo "2402"]
[BlackElo "2386"]
[PlyCount "113"]
[EventDate "2006.11.21"]
[EventType "tourn"]
[EventRounds "13"]
[EventCountry "RUS"]
[EventCategory "8"]
[SourceTitle "EXT 2010"]
[Source "ChessBase"]
[SourceDate "2010.11.25"]
[SourceVersion "1"]
[SourceVersionDate "2010.11.25"]
[SourceQuality "1"]

1. e4 c5 2. Nc3 e6 3. Nf3 a6 4. d4 cxd4 5. Nxd4 Qc7 6. Be3 Nf6 7. Bd3 b5 8. Qe2
Bb7 9. O-O-O b4 10. Na4 Qa5 11. b3 Bxe4 12. Bxe4 Nxe4 13. Qf3 d5 14. Nxe6 fxe6
15. Qh5+ Ke7 16. Rhe1 Nd7 17. f3 Nef6 18. Qh3 Kf7 19. Bb6 Nxb6 20. Qxe6+ Kg6
21. h4 h5 22. g4 Nxa4 23. Qf5+ Kf7 24. Qe6+ Kg6 25. Qf5+ Kf7 26. g5 Be7 27.
Qe6+ Kg6 28. gxf6 Bxf6 29. Rg1+ Kh7 30. Qf5+ Kg8 31. Qxf6 Qc7 32. bxa4 Rf8 33.
Qe6+ Qf7 34. Qxd5 Qxd5 35. Rxd5 Rxf3 36. Rd4 a5 37. Rg5 Rh6 38. Rd7 Rf1+ 39.
Kb2 Rc6 40. Rgxg7+ Kf8 41. Rh7 Kg8 42. Rdg7+ Kf8 43. Ra7 Kg8 44. Rag7+ Kf8 45.
Ra7 Kg8 46. Rhd7 Rc8 47. Rg7+ Kf8 48. Rh7 Kg8 49. Rag7+ Kf8 50. Ra7 Kg8 51.
Rag7+ Kf8 52. Rg5 Rc4 53. Rxa5 Kg8 54. Re7 Rc8 55. Rg5+ Kh8 56. Rxh5+ Kg8 57.
Rhh7 1-0

[Event "Nezhmetdinov Memorial 29th"]
[Site "Kazan"]
[Date "2007.06.07"]
[Round "7"]
[White "Kupreichik, Viktor D"]
[Black "Yandemirov, Valeri"]
[Result "1-0"]
[WhiteElo "2402"]
[BlackElo "2515"]
[PlyCount "101"]
[EventDate "2007.06.01"]
[EventType "swiss"]
[EventRounds "9"]
[EventCountry "RUS"]
[SourceTitle "CBM 119 Extra"]
[Source "ChessBase"]
[SourceDate "2007.09.04"]
[SourceVersion "1"]
[SourceVersionDate "2007.09.04"]
[SourceQuality "1"]

1. Nf3 Nf6 2. d4 g6 3. Bf4 Bg7 4. Nbd2 d5 5. e3 O-O 6. Be2 c6 7. c3 Nbd7 8. h3
Re8 9. O-O h6 10. Qc2 Nh7 11. c4 Nb6 12. cxd5 Nxd5 13. Bh2 Nhf6 14. Bc4 Be6 15.
e4 Nb4 16. Qb3 Bxc4 17. Nxc4 c5 18. Nce5 e6 19. dxc5 a5 20. a3 Na6 21. Qxb7 Re7
22. Qb5 Qc8 23. c6 Nxe4 24. Nd7 Nc7 25. Qe2 Nf6 26. Nb6 Qa6 27. Qxa6 Rxa6 28.
Bd6 Rxb6 29. Bxe7 Nfd5 30. Bd8 Kf8 31. Rfd1 Rxc6 32. Rac1 Rxc1 33. Rxc1 Ne8 34.
b3 Bb2 35. Rc5 Bxa3 36. Rxa5 Bb4 37. Ra8 Bc3 38. Ba5 Bxa5 39. Rxa5 Nec7 40. Nd4
Ke7 41. Nb5 Kd7 42. Nxc7 Nxc7 43. Kf1 g5 44. Ke2 Kd6 45. Ra7 h5 46. Kd3 f5 47.
Kc4 g4 48. Rxc7 Kxc7 49. Kc5 e5 50. hxg4 hxg4 51. g3 1-0

[Event "Lipetsk King's Gambit-A"]
[Site "Lipetsk"]
[Date "2007.06.30"]
[Round "11"]
[White "Airapetian, Gor"]
[Black "Kupreichik, Viktor D"]
[Result "0-1"]
[WhiteElo "2336"]
[BlackElo "2402"]
[PlyCount "60"]
[EventDate "2007.06.22"]
[EventType "tourn"]
[EventRounds "14"]
[EventCountry "RUS"]
[EventCategory "9"]
[SourceTitle "CBM 119 Extra"]
[Source "ChessBase"]
[SourceDate "2007.09.04"]
[SourceVersion "1"]
[SourceVersionDate "2007.09.04"]
[SourceQuality "1"]

1. e4 d6 2. d4 Nf6 3. Nc3 g6 4. Bg5 Bg7 5. f4 O-O 6. Qd2 c6 7. Bd3 Qb6 8. e5
Nd5 9. Nxd5 cxd5 10. c3 dxe5 11. fxe5 f6 12. exf6 exf6 13. Be3 Nc6 14. Nf3 Ne7
15. Nh4 g5 16. Nf3 Nf5 17. O-O-O Re8 18. Rde1 Bd7 19. Bf2 g4 20. Qc2 gxf3 21.
Bxf5 fxg2 22. Bxh7+ Kh8 23. Rhg1 Rxe1+ 24. Bxe1 f5 25. Bxf5 Qh6+ 26. Kb1 Bxf5
27. Qxf5 Qxh2 28. Qf2 Re8 29. Kc2 Qh7+ 30. Kc1 Rxe1+ 0-1

[Event "Minsk Inautomarket op"]
[Site "Minsk"]
[Date "2007.07.12"]
[Round "3"]
[White "Kupreichik, Viktor D"]
[Black "Aleksandrov, Aleksej"]
[Result "1-0"]
[WhiteElo "2384"]
[BlackElo "2605"]
[PlyCount "25"]
[EventDate "2007.07.10"]
[EventType "swiss"]
[EventRounds "9"]
[EventCountry "BLR"]
[SourceTitle "EXT 2008"]
[Source "ChessBase"]
[SourceDate "2007.11.25"]
[SourceVersion "1"]
[SourceVersionDate "2007.11.25"]
[SourceQuality "1"]

1. e4 e5 2. Nf3 Nc6 3. Nc3 Nf6 4. d4 exd4 5. Nxd4 Bb4 6. Nxc6 bxc6 7. Bd3 d5 8.
exd5 cxd5 9. O-O O-O 10. Bg5 c6 11. Ne2 Re8 12. Nd4 Bd6 13. Nf5 1-0

[Event "Dubna GM"]
[Site "Dubna"]
[Date "2007.08.07"]
[Round "6"]
[White "Kupreichik, Viktor D"]
[Black "Golubenko, Valentina"]
[Result "1-0"]
[WhiteElo "2384"]
[BlackElo "2316"]
[PlyCount "99"]
[EventDate "2007.08.02"]
[EventType "tourn"]
[EventRounds "11"]
[EventCountry "RUS"]
[EventCategory "7"]
[SourceTitle "CBM 119 Extra"]
[Source "ChessBase"]
[SourceDate "2007.09.04"]
[SourceVersion "1"]
[SourceVersionDate "2007.09.04"]
[SourceQuality "1"]

1. c4 e5 2. Nc3 Nf6 3. g3 d5 4. cxd5 Nxd5 5. Bg2 Nb6 6. Nf3 Nc6 7. O-O Be7 8.
a3 O-O 9. b4 Be6 10. d3 f6 11. Bb2 a5 12. b5 Nd4 13. Nxd4 exd4 14. Na4 Bd5 15.
Bh3 c5 16. bxc6 bxc6 17. Bxd4 Nxa4 18. Qxa4 f5 19. Rac1 Rb8 20. Rb1 Bd6 21. Bc3
Qe7 22. Rxb8 Rxb8 23. e3 Rb3 24. Ba1 Rxd3 25. Bxf5 Rxe3 26. Qc2 Be4 27. Bxe4
Rxe4 28. Qxc6 a4 29. Bb2 Re2 30. Qc8+ Qe8 31. Qc3 Qf7 32. Bc1 Ra2 33. Bb2 Bf8
34. Qd4 Qb3 35. Bc1 Qe6 36. Qxa4 h6 37. Qa8 Qf7 38. a4 Kh7 39. Be3 Be7 40. a5
Qf6 41. Rc1 Ra4 42. Bd2 Ba3 43. Rc8 Rd4 44. Be3 Rd1+ 45. Kg2 Qe6 46. Re8 Qd6
47. Qe4+ g6 48. Qb7+ Qd7 49. Qxd7+ Rxd7 50. a6 1-0

[Event "Bykova Memorial"]
[Site "Vladimir"]
[Date "2007.12.16"]
[Round "4"]
[White "Kupreichik, Viktor D"]
[Black "Lavrik, Dmitry"]
[Result "1-0"]
[WhiteElo "2368"]
[BlackElo "2427"]
[PlyCount "71"]
[EventDate "2007.12.14"]
[EventType "tourn"]
[EventRounds "13"]
[EventCountry "RUS"]
[EventCategory "7"]
[SourceTitle "CBM 122 Extra"]
[Source "ChessBase"]
[SourceDate "2008.03.04"]
[SourceVersion "1"]
[SourceVersionDate "2008.03.04"]
[SourceQuality "1"]

1. e4 e5 2. Nf3 Nf6 3. Nxe5 d5 4. exd5 Qxd5 5. Qe2 Bc5 6. Nc3 Qe6 7. Nd3 Bb6 8.
Qxe6+ Bxe6 9. Nf4 Bf5 10. Bb5+ c6 11. Bd3 Bxd3 12. Nxd3 Na6 13. O-O O-O-O 14.
b3 Rxd3 15. cxd3 Nb4 16. Na4 Nxd3 17. Rb1 Nd5 18. Nxb6+ axb6 19. Bb2 f6 20. g3
g5 21. b4 Re8 22. Bd4 Re4 23. Bc3 Kd7 24. h3 f5 25. Rb3 Ne1 26. d3 Nxd3 27. Bd2
Ne5 28. Bxg5 b5 29. Rd1 Ke6 30. Kf1 Nf7 31. Be3 Nd6 32. Re1 Nc4 33. Bc1 Ke5 34.
Rxe4+ Kxe4 35. Ke2 h5 36. Bb2 1-0

[Event "Bykova Memorial"]
[Site "Vladimir"]
[Date "2007.12.18"]
[Round "7"]
[White "Smith, Axel"]
[Black "Kupreichik, Viktor D"]
[Result "0-1"]
[WhiteElo "2384"]
[BlackElo "2368"]
[PlyCount "70"]
[EventDate "2007.12.14"]
[EventType "tourn"]
[EventRounds "13"]
[EventCountry "RUS"]
[EventCategory "7"]
[SourceTitle "CBM 122 Extra"]
[Source "ChessBase"]
[SourceDate "2008.03.04"]
[SourceVersion "1"]
[SourceVersionDate "2008.03.04"]
[SourceQuality "1"]

1. d4 d5 2. c4 dxc4 3. e4 Nf6 4. e5 Nd5 5. Bxc4 Nc6 6. Nc3 Nb6 7. Bb5 Bd7 8.
Be3 a6 9. Bd3 g6 10. a3 Bg7 11. Nge2 Be6 12. Nf4 Qd7 13. Ne4 Bd5 14. Nc5 Qc8
15. h4 e6 16. h5 Nd7 17. b4 Nxc5 18. bxc5 Qd7 19. Rb1 O-O-O 20. Qe2 Nxd4 21.
Bxd4 Bc6 22. h6 Bxh6 23. Rxh6 Qxd4 24. Rb4 Qa1+ 25. Rb1 Qc3+ 26. Qd2 Qxe5+ 27.
Kf1 Qg5 28. Rh3 e5 29. Rxb7 Bxg2+ 30. Nxg2 Qxd2 31. Bxa6 Qa5 32. Rb6+ Kd7 33.
Rf6 Ke7 34. Rhf3 Rd1+ 35. Ke2 Qd2# 0-1

[Event "Vladimir op-A"]
[Site "Vladimir"]
[Date "2008.08.22"]
[Round "10"]
[White "Kupreichik, Viktor D"]
[Black "Gavrilov, Alexei V"]
[Result "1-0"]
[WhiteElo "2403"]
[BlackElo "2447"]
[PlyCount "42"]
[EventDate "2008.08.12"]
[EventType "swiss"]
[EventRounds "10"]
[EventCountry "RUS"]
[SourceTitle "CBM 126 Extra"]
[Source "ChessBase"]
[SourceDate "2008.11.05"]
[SourceVersion "1"]
[SourceVersionDate "2008.11.05"]
[SourceQuality "1"]

1. e4 e6 2. d4 d5 3. e5 c5 4. c3 Ne7 5. Bd3 Nec6 6. Be3 b6 7. Ne2 Qd7 8. Nd2
Ba6 9. Bb1 cxd4 10. cxd4 Na5 11. Bc2 Nbc6 12. O-O Nb4 13. Ba4 b5 14. Bb3 Nc4
15. Qb1 Be7 16. Nf4 Rb8 17. Nf3 Nc6 18. Bc2 b4 19. Bd3 Bb5 20. Qc2 a5 21. Qe2
Na7 1-0

[Event "Tambov Korensky Memorial 17th"]
[Site "Tambov"]
[Date "2008.08.27"]
[Round "6"]
[White "Kupreichik, Viktor D"]
[Black "Sychev, Vladimir"]
[Result "1-0"]
[WhiteElo "2403"]
[BlackElo "2314"]
[PlyCount "46"]
[EventDate "2008.08.23"]
[EventType "swiss"]
[EventRounds "9"]
[EventCountry "RUS"]
[SourceTitle "CBM 126 Extra"]
[Source "ChessBase"]
[SourceDate "2008.11.05"]
[SourceVersion "1"]
[SourceVersionDate "2008.11.05"]
[SourceQuality "1"]

1. e4 c6 2. Nc3 d5 3. d4 dxe4 4. Nxe4 Nd7 5. Bc4 Ngf6 6. Ng5 e6 7. Qe2 Nb6 8.
Bb3 h6 9. N5f3 c5 10. Be3 Qc7 11. Ne5 a6 12. c4 cxd4 13. Bxd4 Bb4+ 14. Kf1 O-O
15. Ngf3 Rd8 16. g4 Nbd7 17. g5 hxg5 18. Nxf7 Re8 19. N7xg5 Bc5 20. Re1 Bxd4
21. Nxe6 Qd6 22. c5 Qb8 23. Nfxd4 Nxc5 1-0